فن إعداد الأحداث و الاجتماعات بنجاح / (رقم التسجيلة. 247133)

تفاصيل مارك
000 -الفاتح
عناصر البيانات ثابتة الطول 01462nam a2200265 i 4500
005 - تاريخ ووقت آخر معاملة
حقل ضبط 20251108191215.0
008 - عناصر البيانات ثابتة الطول
عناصر البيانات ثابتة الطول 250906s2022 ua ||||gr|||| 00| 0 ara d
020 ## - الترقيم الدولي المعياري للكتب (ردمك)
الترقيم الدولي المعياري للكتب (ردمك) 9789774550867
040 ## - مصدر الفهرسة
هيئة الفهرسة الأصلية JO-AmGAM
قواعد الوصف rda
041 1# - كود اللغة
كود اللغة لنص/مسار صوت أو عنوان منفصل ara
082 14 - رقم تصنيف ديوي العشري
رقم التصنيف 658.456
رقم المادة ب ي ي
100 1# - مدخل رئيسي – اسم شخصي
الاسم الشخصي بييمو، آن
علاقة الشخص بالعمل/ دوره مؤلف.
245 10 - بيان العنوان
العنوان فن إعداد الأحداث و الاجتماعات بنجاح /
بيان المسؤولية تأليف آن بييمو ؛ إعداد قسم الترجمة بدار الفاروق.
246 10 - الأشكال المختلفة للعنوان
العنوان الفعلي/العنوان المختصر يعرض الكتاب كل ما يضمن لعملية عقد الإجتماعات والأحداث النجاح الكامل بداية من تحديد معايير اختيار مكان عقد الإجتماع أو الحدث ومرورًا بما يجب عمله من إجراءات التسجيل وما يجب تفاديه بهذا الصدد ووصولاً إلى ما يجب أن تشتمل عليه مفاوضات منظم الاجتماع مع الجهات المسئولة.
250 ## - بيان الطبعة
بيان الطبعة الطبعة العربية الثانية.
264 31 - بيانات النشر، التوزيع…إلخ
مكان النشر، التوزيع...إلخ القاهرة :
اسم الناشر، الموزع...إلخ دار الفاروق للاستثمارات الثقافية،
تاريخ النشر، التوزيع...إلخ 2022.
300 ## - الوصف المادي
عدد الوحدات المكونة للوعاء 215 صفحة.
336 ## - نوع المحتوى
المصدر rdacontent
مصطلح نوع المحتوى نص
كود نوع المحتوى txt
337 ## - نوع الوسيط
المصدر rdamedia
مصطلح نوع الوسيط دون وسيط عرض
كود نوع الوسيط n
338 ## - نوع الحامل
المصدر rdacarrier
مصطلح نوع الحامل مجلد
كود نوع الحامل nc
650 17 - مدخل إضافي بالموضوع - مصطلح موضوعي
مصطلح موضوعي أو اسم جغرافي كعنصر مدخل الإجتماعات.
710 2# - مدخل إضافي - اسم هيئة
اسم الهيئة أو السلطة المختصة كعنصر مدخل قسم الترجمة بدار الفاروق
علاقة الهيئة بالعمل/ دورالهئية معد.
942 ## - بيانات إضافية (كوها)
نوع التنصيف Dewey Decimal Classification
نوع المادة (كوها) كتب
المقتنيات
حالة السحب حالة الفقدان مصدر التصنيف حالة التلف غير قابل للإعارة المكتبة الرئيسية المكتبة الحالية موقع الرف تاريخ التزويد مصدر التزويد العملة التكلفة، سعر الشراء العادي الرقم المتسلسل Total Checkouts رقم الإستدعاء الباركود تاريخ آخر ظهور التكلفة وسعر الاستبدال تاريخ الفاتورة نوع المادة (كوها)
    Dewey Decimal Classification     المكتبة المركزية المكتبة المركزية الإعارة 20/10/2025 18 JOD 5.00 1795331   658.456 / ب ي ي PLD00518105 20/10/2025 5.00 20/10/2025 كتب
    Dewey Decimal Classification     مكتبة أم قصير والمقابلين العامة مكتبة أم قصير والمقابلين العامة الإعارة 20/10/2025 18 JOD 5.00 1795339   658.456 / ب ي ي PLD00518113 20/10/2025 5.00 20/10/2025 كتب
    Dewey Decimal Classification     مكتبة الأميرة ايمان العامة مكتبة الأميرة ايمان العامة الإعارة 20/10/2025 18 JOD 5.00 1795332   658.456 / ب ي ي PLD00518106 20/10/2025 5.00 20/10/2025 كتب
    Dewey Decimal Classification     مكتبة الاميرة بديعة مكتبة الاميرة بديعة الإعارة 20/10/2025 18 JOD 5.00 1795337   658.456 / ب ي ي PLD00518111 20/10/2025 5.00 20/10/2025 كتب
    Dewey Decimal Classification     مكتبة الجويدة مكتبة الجويدة الإعارة 20/10/2025 18 JOD 5.00 1795334   658.456 / ب ي ي PLD00518108 20/10/2025 5.00 20/10/2025 كتب
    Dewey Decimal Classification     مكتبة الحسن العامة مكتبة الحسن العامة الإعارة 20/10/2025 18 JOD 5.00 1795338   658.456 / ب ي ي PLD00518112 20/10/2025 5.00 20/10/2025 كتب
    Dewey Decimal Classification     مكتبة حمزة العامة مكتبة حمزة العامة الإعارة 20/10/2025 18 JOD 5.00 1795336   658.456 / ب ي ي PLD00518110 20/10/2025 5.00 20/10/2025 كتب
    Dewey Decimal Classification     مكتبة صويلح العامة مكتبة صويلح العامة الإعارة 20/10/2025 18 JOD 5.00 1795333   658.456 / ب ي ي PLD00518107 20/10/2025 5.00 20/10/2025 كتب
    Dewey Decimal Classification     مكتبة وادي السير العامة مكتبة وادي السير العامة الإعارة 20/10/2025 18 JOD 5.00 1795335   658.456 / ب ي ي PLD00518109 20/10/2025 5.00 20/10/2025 كتب
    Dewey Decimal Classification     مكتبة ومركز فرح مكتبة ومركز فرح الإعارة 20/10/2025 18 JOD 5.00 1795340   658.456 / ب ي ي PLD00518114 20/10/2025 5.00 20/10/2025 كتب
Implemented & Customized by: BBB with SCIT (Smart Chains for Information Technology)

Powered by Koha